000 00255nam a22001217a 4500
008 180104b xxu||||| |||| 00| 0 eng d
041 _aeng
080 _a91
100 _a16
101 _aHIS
245 _aTHE THIRD WAY
_cCECIL.A.R
942 _2udc
_cBK
999 _c39710
_d39710